[Event "Peterborough 4NCL Easter op-A"]
[Site "Peterborough"]
[Date "2024.04.01"]
[Round "6"]
[White "Amato, Giampiero"]
[Black "Baer, Bruce L"]
[Result "1/2-1/2"]
[WhiteElo "1954"]
[BlackElo "1945"]
[PlyCount "88"]
[EventDate "2024.03.29"]
[EventType "swiss"]
[EventRounds "7"]
[EventCountry "ENG"]
[SourceTitle "CB14_2024"]
[SourceDate "2024.04.01"]
[SourceVersion "1"]
[SourceVersionDate "2024.04.01"]
[SourceQuality "1"]

1. c4 d6 2. g3 e5 3. Bg2 h5 4. h4 c6 5. Nc3 Be6 6. d3 Be7 7. e4 Nh6 8. Nge2 Na6 9. b3 c5 10. Bd2 Qd7 11. a3 f6 12. Nd5 Bxd5 13. cxd5 b5 14. b4 f5 15. Bh3 g6 16. Qb3 Rc8 17. Rc1 Kf8 18. Nc3 Kg7 19. 0-0 c4 20. dxc4 Rxc4 21. Rfe1 Rhc8 22. Bf1 f4 23. Nxb5 Rxc1 24. Rxc1 Rxc1 25. Bxc1 Qg4 26. Bg2 Qe2 27. Bf1 Qg4 28. Nxa7 Bxh4 29. Bxa6 fxg3 30. Bxh6+ Kxh6 31. fxg3 Bxg3 32. Bc8 Qf4 33. Qc2 Qe3+ 34. Kg2 g5 35. Nc6 g4 36. Ne7 Qf3+ 37. Kg1 Qe3+ 38. Kh1 Kg5 39. Ba6 h4 40. Qe2 Qxa3 41. Nf5 Bf4 42. Bd3 Qc1+ 43. Qf1 Qd2 44. Qe2 Qc1+ 1/2-1/2

[Event "Peterborough 4NCL Easter op-A"]
[Site "Peterborough"]
[Date "2024.03.29"]
[Round "1"]
[White "Baer, Bruce L"]
[Black "Lukhi, Neev"]
[Result "1-0"]
[WhiteElo "1945"]
[BlackElo "1812"]
[PlyCount "75"]
[EventDate "2024.03.29"]
[EventType "swiss"]
[EventRounds "7"]
[EventCountry "ENG"]
[SourceTitle "CB14_2024"]
[SourceDate "2024.04.01"]
[SourceVersion "1"]
[SourceVersionDate "2024.04.01"]
[SourceQuality "1"]

1. Nf3 e6 2. d3 d5 3. g3 Nf6 4. Bg2 Be7 5. Nbd2 c5 6. e4 Nc6 7. 0-0 0-0 8. e5 Nd7 9. Re1 Qc7 10. Qe2 b5 11. Nf1 Bb7 12. Bf4 Rac8 13. h4 Nd4 14. Nxd4 cxd4 15. Rec1 Rfe8 16. Nh2 Qd8 17. Nf3 Qb6 18. Bh3 Nf8 19. h5 a5 20. Kg2 b4 21. h6 g6 22. Bg5 Bxg5 23. Nxg5 Nd7 24. Qf3 Rf8 25. Qf4 a4 26. b3 Rce8 27. Re1 Qc7 28. Re2 Bc8 29. Qxd4 axb3 30. axb3 Bb7 31. f4 Ra8 32. Rxa8 Rxa8 33. Nxe6 fxe6 34. Bxe6+ Kf8 35. Bxd7 Qxd7 36. e6 Qd6 37. Qg7+ Ke8 38. Qf7+ 1-0

[Event "British Rapidplay"]
[Site "Peterborough"]
[Date "2024.03.03"]
[Round "8"]
[White "Baer, Bruce L"]
[Black "Pelling, Kyle"]
[Result "1-0"]
[WhiteElo "1945"]
[BlackElo "1885"]
[PlyCount "91"]
[EventDate "2024.03.02"]
[EventType "swiss (rapid)"]
[EventRounds "11"]
[EventCountry "ENG"]
[SourceTitle "CB10_2024"]
[SourceDate "2024.03.06"]
[SourceVersion "1"]
[SourceVersionDate "2024.03.06"]
[SourceQuality "1"]

1. d3 g6 2. g3 Bg7 3. Bg2 c5 4. Nf3 Nc6 5. 0-0 d5 6. Nbd2 Nf6 7. e4 0-0 8. Re1 e5 9. exd5 Nxd5 10. c3 Be6 11. Nc4 f6 12. a4 Rc8 13. Nh4 Re8 14. f4 exf4 15. gxf4 Qd7 16. f5 Bxf5 17. Nxf5 gxf5 18. Rxe8+ Rxe8 19. Qf3 Nb6 20. Bf4 Nxc4 21. dxc4 Ne5 22. Qd5+ Qxd5 23. Bxd5+ Kh8 24. a5 Nd3 25. Bd6 Rd8 26. a6 b6 27. Bc7 Rd7 28. Bxb6 Bh6 29. Kf1 Rg7 30. Bd8 Bg5 31. Rd1 Rd7 32. Rxd3 Rxd8 33. b4 Bf4 34. Rf3 Bxh2 35. Rxf5 Be5 36. b5 Rd6 37. Rf3 Kg7 38. Ke2 h5 39. Rh3 Kg6 40. Rh1 Bxc3 41. Rg1+ Kf5 42. Rg7 Ba5 43. Rxa7 Bb6 44. Rb7 Ba5 45. a7 Rd8 46. Rb8 1-0

[Event "British Rapidplay"]
[Site "Peterborough"]
[Date "2024.03.02"]
[Round "6"]
[White "Baer, Bruce L"]
[Black "De Silva, Sithun"]
[Result "1-0"]
[WhiteElo "1945"]
[BlackElo "1786"]
[PlyCount "69"]
[EventDate "2024.03.02"]
[EventType "swiss (rapid)"]
[EventRounds "11"]
[EventCountry "ENG"]
[SourceTitle "CB10_2024"]
[SourceDate "2024.03.06"]
[SourceVersion "1"]
[SourceVersionDate "2024.03.06"]
[SourceQuality "1"]

1. d3 Nf6 2. Nf3 d5 3. g3 g6 4. Bg2 Bg7 5. 0-0 0-0 6. Nbd2 b6 7. e4 dxe4 8. dxe4 Bb7 9. e5 Nfd7 10. e6 fxe6 11. Ng5 Bxg2 12. Nxe6 Qc8 13. Kxg2 Rf6 14. Nxg7 Kxg7 15. Ne4 Qb7 16. f3 Rc6 17. b4 Rc4 18. Bb2+ e5 19. Qd3 Qc6 20. Rf2 Na6 21. Rd1 Nab8 22. a3 a5 23. Qd5 axb4 24. Bxe5+ Kf8 25. Qxc6 Rxc6 26. f4 bxa3 27. Ba1 Ra4 28. Ng5 h6 29. Nf3 Rac4 30. Nd4 Nc5 31. Nxc6 Nxc6 32. f5 g5 33. f6 Nb4 34. f7 Nb7 35. Bg7+ 1-0

[Event "British Rapidplay"]
[Site "Peterborough"]
[Date "2024.03.02"]
[Round "2"]
[White "Baer, Bruce L"]
[Black "Willow, Jonah B"]
[Result "0-1"]
[WhiteElo "1945"]
[BlackElo "2446"]
[PlyCount "68"]
[EventDate "2024.03.02"]
[EventType "swiss (rapid)"]
[EventRounds "11"]
[EventCountry "ENG"]
[SourceTitle "CB10_2024"]
[SourceDate "2024.03.06"]
[SourceVersion "1"]
[SourceVersionDate "2024.03.06"]
[SourceQuality "1"]

1. d3 c5 2. Nf3 g6 3. g3 Bg7 4. Bg2 Nc6 5. 0-0 d6 6. e4 Nf6 7. c3 0-0 8. Re1 e5 9. a3 h6 10. b4 b6 11. Nbd2 Re8 12. b5 Na5 13. Nc4 Nb7 14. a4 Be6 15. Nfd2 Qc7 16. Nb3 Rad8 17. a5 d5 18. axb6 axb6 19. exd5 Bxd5 20. Bxd5 Nxd5 21. Qf3 Nxc3 22. Qc6 Qb8 23. Qxb6 Re6 24. Qa7 Nxb5 25. Qxb8 Rxb8 26. Bb2 Nd4 27. Bxd4 cxd4 28. Ra7 Ree8 29. f4 e4 30. dxe4 d3 31. e5 Bf8 32. Kf1 Rec8 33. Nb6 Rd8 34. Rd1 Nc5 0-1

[Event "British Rapidplay"]
[Site "Peterborough"]
[Date "2024.03.02"]
[Round "3"]
[White "Takvorian, Sebouh"]
[Black "Baer, Bruce L"]
[Result "0-1"]
[WhiteElo "1823"]
[BlackElo "1945"]
[PlyCount "64"]
[EventDate "2024.03.02"]
[EventType "swiss (rapid)"]
[EventRounds "11"]
[EventCountry "ENG"]
[SourceTitle "CB10_2024"]
[SourceDate "2024.03.06"]
[SourceVersion "1"]
[SourceVersionDate "2024.03.06"]
[SourceQuality "1"]

1. e4 g6 2. d4 Bg7 3. Nc3 a6 4. Be3 b5 5. Bd3 d6 6. Qd2 Bb7 7. f4 Nh6 8. h3 f5 9. e5 0-0 10. 0-0-0 b4 11. Na4 Qd7 12. b3 a5 13. Nf3 Bc6 14. Nb2 a4 15. Qxb4 axb3 16. Qxb3+ e6 17. Ng5 d5 18. Be2 Na6 19. Bxa6 Rfb8 20. Qd3 Bf8 21. c4 Rxa6 22. c5 Rxa2 23. Kb1 Rbxb2+ 24. Kc1 Ba4 25. Rd2 Rc2+ 26. Rxc2 Rxc2+ 27. Qxc2 Bxc2 28. Kxc2 Qa4+ 29. Kd3 Qc4+ 30. Kd2 Qa2+ 31. Kd3 Be7 32. Nxe6 Qa6+ 0-1

[Event "British Rapidplay"]
[Site "Peterborough"]
[Date "2024.03.02"]
[Round "5"]
[White "Vijayakumar, Rishi"]
[Black "Baer, Bruce L"]
[Result "1-0"]
[WhiteElo "2156"]
[BlackElo "1945"]
[PlyCount "71"]
[EventDate "2024.03.02"]
[EventType "swiss (rapid)"]
[EventRounds "11"]
[EventCountry "ENG"]
[SourceTitle "CB10_2024"]
[SourceDate "2024.03.06"]
[SourceVersion "1"]
[SourceVersionDate "2024.03.06"]
[SourceQuality "1"]

1. d4 g6 2. e4 Bg7 3. Nc3 a6 4. Be3 b5 5. a3 d6 6. h4 Nf6 7. h5 Nxh5 8. Rxh5 gxh5 9. Qxh5 Nd7 10. e5 Nf8 11. 0-0-0 d5 12. f4 c6 13. f5 Qa5 14. Na2 c5 15. dxc5 Bxe5 16. Nf3 Bf6 17. Nb4 e6 18. c6 Qc7 19. Qh6 Be7 20. Qg7 a5 21. Nd3 f6 22. Qxh8 b4 23. a4 Qxc6 24. Nd4 Qxa4 25. Nc5 Qa1+ 26. Kd2 Qxb2 27. Bb5+ Kd8 28. Ndxe6+ Bxe6 29. Nxe6+ Kc8 30. Bd4 Qa3 31. Nxf8 Kb7 32. Qg7 b3 33. Qf7 Qd6 34. Ne6 bxc2 35. Bc5 cxd1Q+ 36. Kxd1 1-0

[Event "British Rapidplay"]
[Site "Peterborough"]
[Date "2024.03.02"]
[Round "1"]
[White "Yu, Robin1"]
[Black "Baer, Bruce L"]
[Result "0-1"]
[WhiteElo "1623"]
[BlackElo "1945"]
[PlyCount "88"]
[EventDate "2024.03.02"]
[EventType "swiss (rapid)"]
[EventRounds "11"]
[EventCountry "ENG"]
[SourceTitle "CB10_2024"]
[SourceDate "2024.03.06"]
[SourceVersion "1"]
[SourceVersionDate "2024.03.06"]
[SourceQuality "1"]

1. c4 g6 2. Nc3 Bg7 3. g3 d6 4. Bg2 e5 5. e4 Nc6 6. Nge2 h5 7. d3 h4 8. h3 hxg3 9. fxg3 Nh6 10. Be3 Nd4 11. 0-0 Be6 12. Qd2 Qd7 13. g4 0-0-0 14. Nd5 Bxd5 15. exd5 f5 16. Nxd4 exd4 17. Bxh6 Bxh6 18. g5 Bg7 19. b4 Rh5 20. Qf4 Be5 21. Qd2 f4 22. Rxf4 Bxf4 23. Qxf4 Qf5 24. Rf1 Qxf4 25. Rxf4 Rxg5 26. Kh2 Re8 27. Be4 a5 28. a3 Kd7 29. Rf7+ Re7 30. Rf8 a4 31. Rg8 Rxe4 32. dxe4 d3 33. Rf8 d2 34. Rf7+ Ke8 35. Rf1 Re5 36. Rd1 Rxe4 37. Rxd2 Rxc4 38. Rd3 Kf7 39. Kg3 Kf6 40. Kf3 Kf5 41. Ke3 Rc2 42. Kf3 Rb2 43. Ke3 Ke5 44. h4 Rh2 0-1

[Event "Harrogate 4NCL op 31st"]
[Site "Harrogate"]
[Date "2024.01.19"]
[Round "1"]
[White "Sasikumar, Srivathsan"]
[Black "Baer, Bruce L"]
[Result "1-0"]
[WhiteElo "1696"]
[BlackElo "1942"]
[PlyCount "109"]
[EventDate "2024.01.19"]
[EventType "swiss"]
[EventRounds "5"]
[EventCountry "ENG"]
[SourceTitle "CB05_2024"]
[SourceDate "2024.01.31"]
[SourceVersion "1"]
[SourceVersionDate "2024.01.31"]
[SourceQuality "1"]

1. e4 g6 2. d4 Bg7 3. Nc3 a6 4. f4 b5 5. a3 Bb7 6. Nf3 d6 7. Be3 Nd7 8. Bd3 c5 9. dxc5 Nxc5 10. 0-0 Rc8 11. Qe2 Nh6 12. h3 0-0 13. Rad1 f5 14. e5 Nf7 15. Bxc5 Rxc5 16. exd6 exd6 17. Rfe1 Bxc3 18. bxc3 Rxc3 19. Nd4 Qb6 20. Qf2 Rxa3 21. Re7 Ra4 22. c3 Bd5 23. Rde1 Ra2 24. Bc2 b4 25. Re8 Qc7 26. Nxf5 Qc5 27. R1e3 Bc6 28. Ne7+ Kg7 29. Nf5+ Qxf5 30. Bxf5 Rxf2 31. Rxf8 Kxf8 32. Kxf2 gxf5 33. cxb4 Nd8 34. g4 Bb5 35. gxf5 d5 36. Re5 d4 37. f6 Nc6 38. Rd5 Kf7 39. Rd7+ Kxf6 40. Rxh7 Nxb4 41. Ke1 Nd3+ 42. Kd2 Nxf4 43. Rh4 Kf5 44. Rh8 Bc6 45. Rf8+ Ke4 46. Rf7 a5 47. h4 a4 48. Ra7 Kd5 49. h5 Kc4 50. h6 Ng6 51. h7 d3 52. Rc7 Kc5 53. Kxd3 a3 54. Kc3 Kd6 55. Rg7 1-0

[Event "Witney op-A 10th"]
[Site "Witney"]
[Date "2023.11.05"]
[Round "5"]
[White "Zakarian, Dimitrios Levon"]
[Black "Baer, Bruce L"]
[Result "1/2-1/2"]
[WhiteElo "2121"]
[BlackElo "2085"]
[PlyCount "70"]
[EventDate "2023.11.04"]
[EventType "swiss"]
[EventRounds "5"]
[EventCountry "ENG"]
[SourceTitle "CB46_2023"]
[SourceDate "2023.11.15"]
[SourceVersion "1"]
[SourceVersionDate "2023.11.15"]
[SourceQuality "1"]

1. d4 g6 2. Nf3 d6 3. Nc3 Bg7 4. e4 a6 5. Be2 Nc6 6. Be3 Nf6 7. h3 0-0 8. Qd2 e5 9. d5 Ne7 10. g4 b5 11. a3 Bd7 12. Ng1 c5 13. g5 Ne8 14. Nf3 Qc8 15. h4 Rb8 16. b4 cxb4 17. axb4 Qb7 18. Ra5 Rc8 19. Nxb5 Bxb5 20. Bxb5 axb5 21. Ra7 Qb8 22. Rxe7 Rc4 23. h5 Rxe4 24. c3 Nc7 25. Qd3 Rg4 26. hxg6 fxg6 27. Nh4 Rxh4 28. Rxh4 Qd8 29. Rxg7+ Kxg7 30. c4 Qa8 31. Bb6 bxc4 32. Qh3 Qa1+ 33. Ke2 Qb2+ 34. Kf1 Qc1+ 35. Ke2 Qc2+ 1/2-1/2

[Event "Witney op-A 10th"]
[Site "Witney"]
[Date "2023.11.04"]
[Round "1"]
[White "MacLannan, Richard"]
[Black "Baer, Bruce L"]
[Result "0-1"]
[WhiteElo "1819"]
[BlackElo "2085"]
[PlyCount "90"]
[EventDate "2023.11.04"]
[EventType "swiss"]
[EventRounds "5"]
[EventCountry "ENG"]
[SourceTitle "CB46_2023"]
[SourceDate "2023.11.15"]
[SourceVersion "1"]
[SourceVersionDate "2023.11.15"]
[SourceQuality "1"]

1. d4 g6 2. Nf3 d6 3. g3 f5 4. b3 Nf6 5. Bb2 Bg7 6. Bg2 0-0 7. 0-0 Qe8 8. c4 e5 9. dxe5 Ng4 10. h3 Nxe5 11. Nxe5 dxe5 12. Nc3 c6 13. e3 Be6 14. Na4 Nd7 15. Qe1 Rf7 16. Rd1 g5 17. f4 gxf4 18. gxf4 Qe7 19. Bc3 e4 20. Bxg7 Rxg7 21. Kh2 h6 22. Rf2 Kh7 23. Bf1 Rag8 24. Rg2 Rxg2+ 25. Bxg2 Qg7 26. Qf2 b5 27. cxb5 cxb5 28. Nb2 Nf6 29. Rg1 Qc7 30. Bf1 Rxg1 31. Kxg1 Qc1 32. Qe2 Nd5 33. Nd1 Bf7 34. Kf2 b4 35. Ke1 Nc3 36. Qd2 Qxd2+ 37. Kxd2 Nxa2 38. Kc2 Bh5 39. Kb2 Bxd1 40. Kxa2 Kg6 41. Bc4 Bf3 42. Bf1 Kh5 43. Kb2 Kh4 44. Kc2 Kg3 45. Kd2 Bg2 0-1

[Event "Daventry 4NCL op-A 30th"]
[Site "Daventry"]
[Date "2023.06.17"]
[Round "3"]
[White "Baer, Bruce L"]
[Black "Verma, Aditya"]
[Result "1/2-1/2"]
[WhiteElo "1992"]
[BlackElo "2137"]
[PlyCount "73"]
[EventDate "2023.06.16"]
[EventType "swiss"]
[EventRounds "5"]
[EventCountry "ENG"]
[SourceTitle "CBM 214 Extra"]
[Source "ChessBase"]
[SourceDate "2023.07.31"]
[SourceVersion "1"]
[SourceVersionDate "2023.07.31"]
[SourceQuality "1"]

1. Nf3 d5 2. g3 Nf6 3. Bg2 Bf5 4. d3 c6 5. 0-0 e6 6. Nbd2 h6 7. b3 Be7 8. Bb2 0-0 9. Qe1 a5 10. e4 Bh7 11. a3 Na6 12. Ne5 Nc5 13. f4 Qb6 14. Kh1 Rad8 15. Qe2 a4 16. b4 Na6 17. c4 Nc7 18. Rad1 Qa6 19. g4 dxe4 20. dxe4 Nd7 21. g5 f6 22. Nxd7 Rxd7 23. gxh6 Rfd8 24. Qg4 Ne8 25. Qxe6+ Kh8 26. Bc3 c5 27. hxg7+ Nxg7 28. Qg4 cxb4 29. axb4 Rd3 30. b5 Qb6 31. Nb1 a3 32. Ba1 Rxd1 33. Rxd1 Rxd1+ 34. Qxd1 Qf2 35. Nc3 Ne6 36. Qe2 Qxf4 37. Qf1 1/2-1/2

[Event "ENG-ch Chessable"]
[Site "Kenilworth"]
[Date "2023.05.28"]
[Round "5"]
[White "Baer, Bruce L"]
[Black "Siddharth, Gopakumar"]
[Result "1-0"]
[WhiteElo "1950"]
[BlackElo "1890"]
[PlyCount "127"]
[EventDate "2023.05.26"]
[EventType "swiss"]
[EventRounds "7"]
[EventCountry "ENG"]
[SourceTitle "CBM 214 Extra"]
[Source "ChessBase"]
[SourceDate "2023.07.31"]
[SourceVersion "1"]
[SourceVersionDate "2023.07.31"]
[SourceQuality "1"]

1. g3 d5 2. Bg2 e5 3. d3 c5 4. e4 dxe4 5. dxe4 Qxd1+ 6. Kxd1 Nc6 7. Be3 Be6 8. Nd2 0-0-0 9. Bh3 Bxh3 10. Nxh3 f6 11. c3 h5 12. f3 h4 13. g4 g6 14. Kc2 Bd6 15. a4 b6 16. Nc4 Nge7 17. Rhb1 g5 18. Nf2 Kc7 19. Rd1 Nc8 20. Nd3 Be7 21. Bf2 Bd6 22. a5 Kb7 23. Rd2 Rhe8 24. a6+ Kc7 25. Ne3 Re6 26. b3 Kb8 27. Rad1 Bc7 28. Nd5 N6e7 29. c4 Nxd5 30. cxd5 Ree8 31. b4 cxb4 32. Nxb4 Rd6 33. Kb3 Ne7 34. Rc2 Rc8 35. Rdc1 Bd8 36. Rxc8+ Nxc8 37. Nc6+ Ka8 38. Be1 Rd7 39. Bb4 Bc7 40. Ka4 Bd6 41. Nd4 Kb8 42. Nf5 Bxb4 43. Kxb4 Rc7 44. Rd1 Rc2 45. d6 Nxd6 46. Nxd6 Rxh2 47. Kc4 Ra2 48. Kd5 Rxa6 49. Ke6 Ra3 50. Rc1 a6 51. Rc8+ Ka7 52. Rc7+ Ka8 53. Kxf6 Rxf3+ 54. Kxe5 b5 55. Kd4 b4 56. e5 Kb8 57. Rb7+ Ka8 58. Rxb4 Rf4+ 59. Ne4 h3 60. Rb1 Rxg4 61. e6 Rh4 62. Kd5 g4 63. e7 Rh8 64. Kd6 1-0

[Event "ENG-ch Seniors 50"]
[Site "Leamington Spa"]
[Date "2023.05.07"]
[Round "6"]
[White "Baer, Bruce L"]
[Black "Thompson, Ian D"]
[Result "1-0"]
[WhiteElo "1950"]
[BlackElo "2064"]
[PlyCount "81"]
[EventDate "2023.05.04"]
[EventType "swiss"]
[EventRounds "7"]
[EventCountry "ENG"]
[SourceTitle "CBM 214 Extra"]
[Source "ChessBase"]
[SourceDate "2023.07.31"]
[SourceVersion "1"]
[SourceVersionDate "2023.07.31"]
[SourceQuality "1"]

1. Nf3 d5 2. g3 Bg4 3. Ne5 Bf5 4. g4 Bc8 5. e3 f6 6. Nd3 e5 7. Bg2 Be6 8. b3 Nc6 9. Bb2 Qd7 10. h3 Bd6 11. Nc3 Nce7 12. f4 c6 13. Qe2 Qc7 14. 0-0-0 0-0-0 15. Kb1 Nh6 16. fxe5 fxe5 17. Na4 Rhf8 18. Rhf1 Ng6 19. e4 d4 20. g5 Ng8 21. Nac5 Qe7 22. Ba3 Rxf1 23. Rxf1 Rf8 24. Rxf8+ Nxf8 25. Nxe6 Qxe6 26. Bxd6 Qxd6 27. h4 Ne7 28. Bh3+ Kc7 29. h5 c5 30. Qf3 Nd7 31. Qf7 b5 32. Bxd7 Kxd7 33. Qxg7 c4 34. Nxe5+ Kc7 35. Nf7 Qd7 36. Qe5+ Kc6 37. g6 hxg6 38. h6 d3 39. h7 dxc2+ 40. Kc1 Qh3 41. Qf6+ 1-0

[Event "BCF-chT3W 2223 (4NCL)"]
[Site "England"]
[Date "2023.04.30"]
[Round "10.31"]
[White "Mazek, Marek"]
[Black "Baer, Bruce L"]
[Result "0-1"]
[WhiteElo "2017"]
[BlackElo "1963"]
[PlyCount "50"]
[EventDate "2022.10.22"]
[EventType "team-tourn"]
[EventRounds "11"]
[EventCountry "ENG"]
[SourceTitle "EXT 2024"]
[Source "ChessBase"]
[SourceDate "2023.10.10"]
[SourceVersion "1"]
[SourceVersionDate "2023.10.10"]
[SourceQuality "1"]
[WhiteTeam "Manchester Manticores"]
[BlackTeam "Warwicks Select II"]
[WhiteTeamCountry "ENG"]
[BlackTeamCountry "ENG"]

1. d4 g6 2. c4 d6 3. Nc3 Bg7 4. h3 f5 5. Nf3 Nf6 6. Bf4 0-0 7. e3 Qe8 8. Be2 c6 9. Qb3 Nbd7 10. c5+ d5 11. Be5 Ne4 12. Bxg7 Kxg7 13. 0-0 e5 14. Rfe1 Nxc3 15. bxc3 e4 16. Nd2 f4 17. c4 f3 18. gxf3 Nf6 19. cxd5 cxd5 20. fxe4 Nxe4 21. Nxe4 Qxe4 22. Bf1 Rf3 23. Bg2 Bxh3 24. Qxb7+ Kh6 25. Qb1 Qg4 0-1

[Event "Daventry 4NCL Easter op-A 3rd"]
[Site "Daventry"]
[Date "2023.04.10"]
[Round "7"]
[White "Baer, Bruce L"]
[Black "Madhavan, Sanjith1111"]
[Result "1/2-1/2"]
[WhiteElo "1963"]
[BlackElo "1961"]
[PlyCount "45"]
[EventDate "2023.04.07"]
[EventType "swiss"]
[EventRounds "7"]
[EventCountry "ENG"]
[SourceTitle "CBM 213 Extra"]
[Source "ChessBase"]
[SourceDate "2023.05.31"]
[SourceVersion "1"]
[SourceVersionDate "2023.05.31"]
[SourceQuality "1"]

1. Nf3 Nf6 2. g3 g6 3. Bg2 Bg7 4. 0-0 d6 5. d3 0-0 6. e4 c5 7. Re1 Nc6 8. c3 Qc7 9. d4 Bg4 10. h3 Bxf3 11. Bxf3 e5 12. dxc5 dxc5 13. Na3 a6 14. Be3 Rfd8 15. Qe2 b6 16. Rad1 Rxd1 17. Rxd1 Bf8 18. h4 b5 19. h5 Rd8 20. hxg6 hxg6 21. Rxd8 Qxd8 22. Bg5 Qd6 23. Kg2 1/2-1/2

[Event "Daventry 4NCL Easter op-A 3rd"]
[Site "Daventry"]
[Date "2023.04.10"]
[Round "6"]
[White "Cast, Julian"]
[Black "Baer, Bruce L"]
[Result "1/2-1/2"]
[WhiteElo "1890"]
[BlackElo "1963"]
[PlyCount "44"]
[EventDate "2023.04.07"]
[EventType "swiss"]
[EventRounds "7"]
[EventCountry "ENG"]
[SourceTitle "CBM 213 Extra"]
[Source "ChessBase"]
[SourceDate "2023.05.31"]
[SourceVersion "1"]
[SourceVersionDate "2023.05.31"]
[SourceQuality "1"]

1. d4 f5 2. Nf3 Nf6 3. e3 g6 4. b3 Bg7 5. Bb2 0-0 6. Be2 d5 7. c4 c6 8. cxd5 cxd5 9. 0-0 Ne4 10. Nc3 Nxc3 11. Bxc3 Nc6 12. Bb5 Bd7 13. Bxc6 Bxc6 14. Ne5 Bxe5 15. dxe5 e6 16. Qd2 g5 17. Rac1 g4 18. f3 Qg5 19. f4 Qh5 20. Qd4 Kh8 21. Rfd1 Rg8 22. Be1 Rg7 1/2-1/2

[Event "Daventry 4NCL Easter op-A 3rd"]
[Site "Daventry"]
[Date "2023.04.08"]
[Round "3"]
[White "Baer, Bruce L"]
[Black "Subramanian, Anusha"]
[Result "1-0"]
[WhiteElo "1963"]
[BlackElo "1827"]
[PlyCount "131"]
[EventDate "2023.04.07"]
[EventType "swiss"]
[EventRounds "7"]
[EventCountry "ENG"]
[SourceTitle "CBM 213 Extra"]
[Source "ChessBase"]
[SourceDate "2023.05.31"]
[SourceVersion "1"]
[SourceVersionDate "2023.05.31"]
[SourceQuality "1"]

1. Nf3 d5 2. g3 Nf6 3. Bg2 e6 4. 0-0 Be7 5. d3 0-0 6. Nbd2 c5 7. e4 h6 8. e5 Nfd7 9. Re1 Nc6 10. h4 Qc7 11. Qe2 b5 12. g4 Nb4 13. Nf1 c4 14. d4 a5 15. Bh3 Ba6 16. g5 hxg5 17. Bxg5 Bxg5 18. Nxg5 Rfe8 19. Ne3 Nc6 20. c3 Nf8 21. Kh1 Bb7 22. Ng4 Ng6 23. Rg1 Kf8 24. h5 Nf4 25. Qf3 Nxh3 26. Nxh3 Ke7 27. h6 gxh6 28. Qf6+ Kd7 29. Nxh6 Qd8 30. Nxf7 Qxf6 31. exf6 e5 32. Rg7 Ke6 33. dxe5 Nxe5 34. Nxe5 Kxe5 35. Rxb7 Kxf6 36. Rb6+ Kf5 37. Rxb5 Rh8 38. Kh2 Raf8 39. Re1 Kg4 40. Rg1+ Kf3 41. Rg3+ Ke2 42. Kg2 Rf5 43. Rxa5 Kd2 44. b3 cxb3 45. axb3 Kc2 46. b4 Rc8 47. Rc5 Rb8 48. Rg5 Rxg5+ 49. Nxg5 Rg8 50. f4 Kd3 51. Kf3 d4 52. cxd4 Kxd4 53. Ne6+ Kd3 54. f5 Rb8 55. b5 Rh8 56. Kf4 Rh4+ 57. Ke5 Re4+ 58. Kd5 Re1 59. Nf4+ Kd2 60. f6 Rf1 61. Rc4 Ke3 62. Re4+ Kf3 63. f7 Rd1+ 64. Rd4 Rxd4+ 65. Kxd4 Kxf4 66. f8Q+ 1-0

[Event "Coventry op"]
[Site "Coventry"]
[Date "2023.02.18"]
[Round "3"]
[White "Baer, Bruce L"]
[Black "McCarthy, Damian"]
[Result "0-1"]
[WhiteElo "1999"]
[BlackElo "1823"]
[PlyCount "74"]
[EventDate "2023.02.18"]
[EventType "swiss"]
[EventRounds "5"]
[EventCountry "ENG"]
[SourceTitle "CBM 212 Extra"]
[Source "ChessBase"]
[SourceDate "2023.03.31"]
[SourceVersion "1"]
[SourceVersionDate "2023.03.31"]
[SourceQuality "1"]

1. Nf3 Nf6 2. g3 b5 3. Bg2 Bb7 4. d3 d5 5. 0-0 e6 6. Nbd2 Be7 7. e4 dxe4 8. dxe4 0-0 9. e5 Nfd7 10. Re1 Nb6 11. h4 c5 12. Qe2 Bc6 13. Nf1 Qc7 14. N1h2 Rd8 15. h5 h6 16. g4 Qb7 17. g5 hxg5 18. Ng4 N8d7 19. h6 Nf8 20. hxg7 Ng6 21. Nf6+ Kxg7 22. Bxg5 Nd5 23. Nh5+ Kh7 24. c4 bxc4 25. Qxc4 Qb4 26. Qxb4 Nxb4 27. Bxe7 Nxe7 28. Rec1 Nd3 29. Rc3 Kg6 30. Rxd3 Kxh5 31. Rc3 Rg8 32. Kh2 Rg4 33. Rh1 Rd8 34. Ne1 Rh4+ 35. Rh3 Rxh3+ 36. Kxh3 Bxg2+ 37. Kxg2+ Kg6 0-1

[Event "Coventry op"]
[Site "Coventry"]
[Date "2023.02.18"]
[Round "1"]
[White "Baer, Bruce L"]
[Black "Subramanian, Anusha"]
[Result "0-1"]
[WhiteElo "1999"]
[BlackElo "1787"]
[PlyCount "76"]
[EventDate "2023.02.18"]
[EventType "swiss"]
[EventRounds "5"]
[EventCountry "ENG"]
[SourceTitle "CBM 212 Extra"]
[Source "ChessBase"]
[SourceDate "2023.03.31"]
[SourceVersion "1"]
[SourceVersionDate "2023.03.31"]
[SourceQuality "1"]

1. Nf3 d5 2. g3 Nf6 3. Bg2 Bf5 4. d3 e6 5. 0-0 c5 6. Nbd2 Nc6 7. Nh4 Bg4 8. b3 Be7 9. Bb2 0-0 10. h3 Bh5 11. g4 Bg6 12. Nxg6 hxg6 13. e3 Rc8 14. g5 Nh5 15. h4 d4 16. Ne4 dxe3 17. fxe3 Bd6 18. Bh3 Qc7 19. Rf3 Ng3 20. Nxd6 Qxd6 21. Qe1 Nf5 22. Bxf5 exf5 23. Qc3 f6 24. Raf1 b5 25. a3 Ne5 26. Rh3 b4 27. Qe1 bxa3 28. Bxa3 fxg5 29. d4 Nd7 30. hxg5 Qe7 31. Qh4 Kf7 32. Qf4 Rh8 33. Rg3 Rh5 34. e4 Rch8 35. e5 Rh4 36. Qf3 Rxd4 37. c3 Nxe5 38. Qe2 Rdh4 0-1

[Event "Birmingham op"]
[Site "Birmingham"]
[Date "2022.11.19"]
[Round "1"]
[White "Baer, Bruce L"]
[Black "Ali, Golam Shabbir"]
[Result "1-0"]
[WhiteElo "2139"]
[BlackElo "1936"]
[PlyCount "83"]
[EventDate "2022.11.19"]
[EventType "swiss"]
[EventRounds "5"]
[EventCountry "ENG"]
[SourceTitle "CBM 211 Extra"]
[Source "ChessBase"]
[SourceDate "2023.01.31"]
[SourceVersion "1"]
[SourceVersionDate "2023.01.31"]
[SourceQuality "1"]

1. Nf3 d6 2. d3 Nc6 3. g3 g6 4. Bg2 Bg7 5. 0-0 e5 6. e4 Nge7 7. c3 0-0 8. b4 a6 9. a4 Bg4 10. Nbd2 Kh8 11. Bb2 f5 12. b5 axb5 13. axb5 Rxa1 14. Qxa1 Nb8 15. h3 Bh5 16. Qa7 Nd7 17. d4 fxe4 18. Ng5 Nc8 19. Qxb7 Qxg5 20. Nxe4 Qf5 21. g4 Bxg4 22. hxg4 Qxg4 23. Qxc7 Nf6 24. Nxf6 Bxf6 25. c4 exd4 26. b6 Be5 27. f4 Rxf4 28. Rxf4 Qxf4 29. Qxc8+ Kg7 30. Qd7+ Kf8 31. Qh3 Qd2 32. Qf3+ Kg7 33. Qf2 Bh2+ 34. Kf1 Qd3+ 35. Qe2 Qb1+ 36. Kf2 Bg1+ 37. Kg3 Qf5 38. Qe7+ Kh6 39. Qh4+ Kg7 40. Bxd4+ Bxd4 41. Qxd4+ Kh6 42. Qf4+ 1-0